00479cam a2200181 i 4500001000800000005001700008008004100025010001700066020002500083040001800108041000800126080001500134082001500149100000700164101000800171245007900179504003900258131866120180307074553.0780117s1978 mnua b 001 0 eng  a 78000764  a0829901663 :c$10.95 aDLCcDLCdDLC aeng a658.4 eas00a658.4 eas1 a58 abus10aContemporary business :cEddie V. Easley, Earl F. Lundgren, Harry I. Wolk. aIncludes bibliographies and index.